Геология Монгольской Народной Республики : (Record no. 361494)
[ view plain ]
| 000 -LEADER | |
|---|---|
| fixed length control field | 01478nam a2200217 a 4500 |
| 001 - CONTROL NUMBER | |
| control field | 001124937 |
| 003 - CONTROL NUMBER IDENTIFIER | |
| control field | AM-YeHGA |
| 005 - DATE AND TIME OF LATEST TRANSACTION | |
| control field | 20250617151951.0 |
| 008 - FIXED-LENGTH DATA ELEMENTS--GENERAL INFORMATION | |
| fixed length control field | 160120s1973 ru ||||gr|||||||||0|rus|d |
| 040 ## - CATALOGING SOURCE | |
| Original cataloging agency | AM-YeHGA |
| 041 0# - LANGUAGE CODE | |
| Language code of text/sound track or separate title | rus |
| 090 ## - LOCALLY ASSIGNED LC-TYPE CALL NUMBER (OCLC); LOCAL CALL NUMBER (RLIN) | |
| -- | 363338 |
| 245 00 - TITLE STATEMENT | |
| Title | Геология Монгольской Народной Республики : |
| Remainder of title | [В 3-х т.] / |
| Statement of responsibility, etc. | Гл. ред.: Н.А. Маринов ; Науч.-исслед. лаб. геологии зарубеж. стран. |
| 260 ## - PUBLICATION, DISTRIBUTION, ETC. | |
| Place of publication, distribution, etc. | Москва : |
| Name of publisher, distributor, etc. | Недра, |
| Date of publication, distribution, etc. | 1973- |
| 300 ## - PHYSICAL DESCRIPTION | |
| Extent | том. |
| 505 00 - FORMATTED CONTENTS NOTE | |
| Miscellaneous information | Т. 1 (1973; 583 с., 4 л. черт.) : |
| Title | Стратиграфия / |
| Statement of responsibility | Отв. ред. Н.А. Маринов, Л.П. Зоненшайн, В.А. Благонравов ; |
| Miscellaneous information | Т. 2 (1973; 751 с., 4 отд. л. схем., ил.) : |
| Title | Магматизм, метаморфизм, тектоника / |
| Statement of responsibility | Отв. ред. Р.А. Хасин, Ю.А. Борзаковский, Л.П. Зоненшайн ; |
| Miscellaneous information | Т. 3 (1977; 703 с., 4 отд. л. схем., карт : ил.) : |
| Title | Полезные ископаемые / |
| Statement of responsibility | Отв. ред. Н.А. Маринов, Р.А. Хасин и др. |
| 650 14 - SUBJECT ADDED ENTRY--TOPICAL TERM | |
| Topical term or geographic name entry element | Геология |
| Geographic subdivision | Монгольская Народная Республика |
| 700 1# - ADDED ENTRY--PERSONAL NAME | |
| Personal name | Маринов, Николай Александрович |
| Relator term | ред. |
| Relationship | edt |
| 710 2# - ADDED ENTRY--CORPORATE NAME | |
| Corporate name or jurisdiction name as entry element | Научно-исследовательская лаборатория геологии зарубежных стран |
| 942 ## - ADDED ENTRY ELEMENTS (KOHA) | |
| Source of classification or shelving scheme | Universal Decimal Classification |
| Koha item type | Գրքեր / Books |
| Withdrawn status | Lost status | Damaged status | Not for loan | Collection | Home library | Current library | Date acquired | Serial enumeration / chronology | Total checkouts | Full call number | Barcode | Date last seen | Price effective from | Koha item type | Public note | Source of classification or shelving scheme |
|---|---|---|---|---|---|---|---|---|---|---|---|---|---|---|---|---|
| General | Fundamental Scientific Library | Fundamental Scientific Library | 11/01/2017 | Т. 1 | PIII/36913 | FL0375019 | 11/01/2017 | 11/01/2017 | Գրքեր / Books | 30 Days Loan | ||||||
| General | Fundamental Scientific Library | Fundamental Scientific Library | 11/01/2017 | Т. 2 | PIII/36914 | FL0375020 | 11/01/2017 | 11/01/2017 | Գրքեր / Books | 30 Days Loan | ||||||
| General | Fundamental Scientific Library | Fundamental Scientific Library | 21/12/2016 | Т. 3 | PIII/41975 | FL0381999 | 28/02/2023 | 21/12/2016 | Գրքեր / Books | 30 Days Loan | Universal Decimal Classification |
ՀՀ Գիտությունների ազգային ակադեմիայի հիմնարար գիտական գրադարան = Fundamental Scientific Library of NAS RA
All site content, except where otherwise noted, is licensed under a